[Event "Floripa Chess Open 2024"]
[Site "Florianopolis"]
[Date "2024.01.21"]
[Round "2.49"]
[White "Rodriguez Farias, Eduardo"]
[Black "Tomiello, Mateus Costamilan"]
[Result "0-1"]
[WhiteElo "1829"]
[BlackElo "2151"]
[PlyCount "28"]
[EventDate "2024.01.20"]
[EventRounds "10"]
[EventCountry "BRA"]

1. e4 c6 2. d4 d5 3. e5 c5 4. dxc5 e6 5. Nf3 Bxc5 6. Bd3 Nc6 7. O-O Nge7 8.
Nbd2 Ng6 9. Nb3 Bb6 10. Re1 Qc7 ({RR} 10... O-O 11. c3 f6 12. exf6 Qxf6 13. Be3
Bxe3 14. Rxe3 Nf4 15. Nbd4 e5 16. Nxc6 bxc6 17. Nxe5 Nxg2 18. Kxg2 Qxf2+ 19.
Kh1 Qxe3 20. Qh5 Qh6 21. Qxh6 gxh6 22. Rg1+ Kh8 23. Nxc6 Bh3 24. Rg3 Bd7 25.
Nd4 {Yu Yangyi (2738)-Mamedyarov,S (2774) Stavanger NOR 2019 0-1 (54)}) 11. c3
$146 ({RR} 11. Qe2 O-O 12. Bd2 Bd7 13. Bc3 f5 14. Qd2 Rae8 15. a4 a6 16. a5 Ba7
17. Rad1 h6 18. h4 Re7 19. h5 Nh8 20. Nbd4 Be8 21. Nxc6 bxc6 22. Bxa6 Bxh5 23.
Be2 c5 24. b4 Nf7 25. b5 g5 {Robson,R (2670)-Narciso Dublan,M (2517) chess24.
com INT 2019 1-0 (55)}) ({RR} 11. Qe2 Nb4 12. Bd2 Nxd3 13. cxd3 Qe7 14. a3 a5
15. Be3 Bxe3 16. Qxe3 a4 17. Nbd4 Bd7 18. Rac1 Qd8 19. Qd2 Qb6 20. g3 O-O 21.
h4 Ne7 22. Rc2 Rfc8 23. Rec1 Nc6 24. Nxc6 Rxc6 25. Rxc6 Bxc6 {Klings,P (2071)
-Den Roover,N (1821) Stavanger NOR 2023 1-0 (68)}) ({RR} 11. Qe2 O-O 12. Bd2
Bd7 13. Bc3 f5 14. Qd2 Rae8 15. a4 a6 16. a5 Ba7 17. Rad1 h6 18. h4 Re7 19. h5
Nh8 20. Nbd4 Be8 21. Nxc6 bxc6 22. Bxa6 Bxh5 23. Be2 c5 24. b4 Nf7 25. b5 g5 {
Robson,R (2670)-Narciso Dublan,M (2517) chess24.com INT 2019 1-0 (55)}) 11...
Ngxe5 12. Nxe5 Nxe5 13. Bf4 Bxf2+ 14. Kh1 Bxe1 0-1

[Event "Floripa Chess Open 2024"]
[Site "Florianopolis"]
[Date "2024.01.21"]
[Round "2.51"]
[White "Trombini, Fabio"]
[Black "De Oliveira, Gustavo Alfredo Bue"]
[Result "1/2-1/2"]
[WhiteElo "1822"]
[BlackElo "2147"]
[PlyCount "73"]
[EventDate "2024.01.20"]
[EventRounds "10"]
[EventCountry "BRA"]

1. b3 {Bulletin} d5 2. Bb2 c5 3. e3 a6 4. Nf3 Nc6 5. d4 cxd4 6. Nxd4 Nf6 7. Be2
e6 8. O-O Bd6 9. c4 O-O 10. cxd5 exd5 11. Nd2 Re8 ({RR} 11... Ne5 12. N2f3 Qe7
13. Rc1 Ne4 14. Rc2 Bd7 15. Nxe5 Qxe5 16. Nf3 Qf5 17. Qd4 f6 18. Bd3 Be6 19.
Qb6 Rad8 20. Ba3 Bxa3 21. Nd4 Rd6 22. Qa5 Qg5 23. Qxa3 Bh3 24. f4 Qg6 25. Qxd6
{1-0 (25) Esipenko,A (2683)-Ponkratov,P (2595) chess.com INT 2023}) 12. Rc1 Bd7
13. Nxc6 bxc6 ({RR} 13... Bxc6) 14. Nf3 $146 ({RR} 14. Bf3 a5 15. Bd4 Ba3 16.
Rc2 a4 17. Qa1 Bb4 18. Bc3 Qe7 19. Bxb4 Qxb4 20. a3 axb3 21. axb4 Rxa1 22. Nxb3
Rxf1+ 23. Kxf1 Rb8 24. Nd4 Rb6 ({RR} 24... Rxb4 25. Nxc6) 25. Ke1 Kf8 26. Kd2
Ke7 27. Kc3 Ra6 28. Re2 Kd6 {Andersson,U-Spassky,B Gothenburg 1971 MCD  
[Bulletin] 1/2-1/2 (51)}) 14... Qe7 15. Qd4 a5 16. Bd3 a4 17. Qh4 Ne4 18. Qh5
axb3 19. axb3 Ra2 20. Rc2 Rb8 21. Be5 g6 22. Qh6 Bxe5 23. Rxa2 Bg7 24. Qf4 Rxb3
25. Ra8+ Be8 26. Bxe4 dxe4 27. Ng5 Rb4 28. Rd1 Be5 29. Qh4 h5 30. f4 Bf6 31.
Qe1 Rb2 32. Rdd8 Qxd8 33. Rxd8 Bxd8 34. Qc3 Rb1+ 35. Kf2 Bxg5 36. fxg5 Rb5 37.
Qd4 1/2-1/2

[Event "Floripa Chess Open 2024"]
[Site "Florianopolis"]
[Date "2024.01.21"]
[Round "2.52"]
[White "Nemeth Junior, Henrique"]
[Black "Menezes, Jose Eduardo Carnei"]
[Result "1-0"]
[WhiteElo "2147"]
[BlackElo "1813"]
[PlyCount "71"]
[EventDate "2024.01.20"]
[EventRounds "10"]
[EventCountry "BRA"]

1. Nf3 Nf6 2. g3 g6 3. Bg2 Bg7 4. O-O O-O 5. c4 d6 6. d4 c6 7. Nc3 Qc7 8. Bg5
h6 9. Bxf6 ({RR} 9. Bf4 Re8 10. c5 Nh5 11. cxd6 exd6 12. Be3 Na6 13. Rc1 Qe7
14. a3 Nc7 15. Qb3 Kh7 16. Rfe1 Rb8 17. Bd2 Bg4 18. Qa4 Qd7 19. b4 Bxf3 20.
Bxf3 Bxd4 21. b5 Bb6 22. bxc6 bxc6 23. Bxc6 Qh3 {Zhao,C (2400)-Cai,L (2012)
Shaoxing CHN 2019 1/2-1/2 (44)}) 9... Bxf6 10. Qd2 Bg7 11. h4 $146 ({RR} 11. b3
Nd7 12. e3 e5 13. Rac1 f5 14. a4 Nf6 15. Ne2 g5 16. Qc2 e4 17. Nd2 Qe7 18. Qc3
Bd7 19. f3 exf3 20. Rxf3 f4 21. h3 fxg3 22. Nxg3 Rae8 23. Re1 g4 24. hxg4 Nxg4
25. Qd3 Rxf3 {Parkhomovich,I-Babanau,V Vilnius 2013 0-1}) 11... e5 12. d5 c5
13. h5 Bg4 14. Nh2 Bd7 15. hxg6 fxg6 16. Be4 Bf5 17. Kg2 Qd7 18. Rh1 Na6 19.
Nf3 Qf7 20. Raf1 Rad8 21. a3 Nc7 22. Qd3 g5 23. Bxf5 Qxf5 24. e4 Qf6 25. Qe2
Rd7 26. Nh2 Rdf7 27. Nd1 Rb8 28. Ne3 Qg6 29. Nf5 b5 30. Ng4 Rxf5 31. exf5 Qxf5
32. Nxh6+ Bxh6 33. Rxh6 bxc4 34. Rfh1 Ne8 35. Qh5 Qe4+ 36. Kh2 1-0

[Event "Floripa Chess Open 2024"]
[Site "Florianopolis"]
[Date "2024.01.21"]
[Round "2.53"]
[White "Rodrigues, Nei Jorge"]
[Black "Jordao Barbosa, Marcio"]
[Result "0-1"]
[WhiteElo "1822"]
[BlackElo "2146"]
[PlyCount "114"]
[EventDate "2024.01.20"]
[EventRounds "10"]
[EventCountry "BRA"]

1. Nf3 c5 2. g3 Nc6 3. Bg2 e5 4. d3 g6 5. c4 Bg7 6. Nc3 Nge7 7. O-O O-O 8. a3
d6 9. Rb1 a5 10. Bg5 Be6 11. Ne1 h6 12. Bd2 Kh7 13. Nc2 d5 14. cxd5 Nxd5 15.
Ne4 $146 ({RR} 15. Ne3 Nc7 16. Na4 Na6 17. Rc1 Qe7 18. Nc4 Bxc4 19. Rxc4 Nd4
20. Rc1 Rab8 21. Bxa5 b5 22. Nc3 b4 23. Nd5 Qd7 24. axb4 cxb4 25. Bb6 Qb5 26.
Ba7 Rbc8 27. Bxd4 exd4 28. Qd2 Rfd8 29. Rxc8 Rxc8 {Alonso Rosell,A (2537)
-Martin Perez,L (2069) Vilanova i la Geltru 2017 1-0 (41)}) 15... Qe7 16. Ne3
Rfd8 17. Rc1 b6 18. Nc4 Rac8 19. Re1 Nd4 20. Nc3 Rb8 21. e3 Nc6 22. Nb5 Na7 23.
Nxa7 Qxa7 24. Qe2 Qd7 25. Rf1 h5 26. b3 Qb5 27. Rb1 Rd7 28. Be1 Rbd8 29. Bf3
Kg8 30. Qc2 Bg4 31. Qe2 Bxf3 32. Qxf3 Qc6 33. Rc1 Qe6 34. e4 Nc7 35. Bc3 f6 36.
Qe2 h4 37. b4 cxb4 38. axb4 a4 39. Bb2 Bf8 40. Qe3 b5 41. Na5 Ne8 42. Nc6 Rc8
43. Na7 Rxc1 44. Rxc1 Qb3 45. Bc3 Nd6 46. f4 Bh6 47. Qc5 h3 48. Nc6 Qa2 49. Qf2
Qxf2+ 50. Kxf2 exf4 51. Rc2 Kf7 52. Nd4 Rc7 53. g4 Bg7 54. Bb2 Rxc2+ 55. Nxc2
g5 56. Bc3 Bf8 57. Na3 Ke6 0-1

[Event "Floripa Chess Open 2024"]
[Site "Florianopolis"]
[Date "2024.01.21"]
[Round "2.54"]
[White "Starke, Bruno Orlando"]
[Black "Da Fonseca Pinto, Joao Gabriel Alves"]
[Result "1-0"]
[WhiteElo "2145"]
[BlackElo "1808"]
[PlyCount "51"]
[EventDate "2024.01.20"]
[EventRounds "10"]
[EventCountry "BRA"]

1. Nf3 Nf6 2. c4 g6 3. g3 Bg7 4. Bg2 O-O 5. d4 d6 6. O-O Nbd7 7. Nc3 e5 8. e4
exd4 9. Nxd4 Re8 10. Re1 a5 11. h3 c6 12. Be3 Nc5 13. Qc2 Qe7 14. f3 Nfd7 ({RR
} 14... Qc7 15. Bf2 Bd7 16. Rab1 Nh5 17. Rbd1 Rad8 18. Kh2 Nf6 19. f4 h5 20.
Nf3 Ne6 21. Qb3 Nc5 22. Qc2 Ne6 23. Re2 Nh7 24. Red2 Bc8 25. Na4 c5 26. Nc3 Qc6
27. Nb5 Bf8 28. e5 dxe5 29. Nxe5 {Vareille,F (2380)-Lokasto,A (2335) Val
Thorens 1995 1-0 (39)}) 15. Rad1 Ne5 ({RR} 15... Nb6 16. b3 Nbd7 17. Bf2 Nf8
18. f4 h5 19. a3 Nfe6 20. Nf3 Nf8 21. b4 axb4 22. axb4 Ncd7 23. Qd2 Nh7 24. Bd4
Ndf6 25. e5 dxe5 26. Nxe5 Be6 27. Bc5 Qc7 28. Bd6 Qb6+ 29. c5 Qd8 30. b5 {
Gavrilov,M (2186)-Zou,C (2449) chess.com INT 2024 1-0 (50)}) 16. b3 Na6 $146 ({
RR} 16... Qf6 17. f4 Ned7 18. Nde2 Qe7 19. Bf2 Nf6 20. Nc1 Be6 21. Re2 Rad8 22.
f5 Bc8 23. Bxc5 dxc5 24. e5 Bxf5 25. exf6 Bxc2 26. fxe7 Rxd1+ 27. Nxd1 Bxd1 28.
Rd2 Bd4+ 29. Kf1 Bh5 30. g4 Bxg4 31. hxg4 {Richter,A-Frese,D Germany 1991 1-0 
(50)}) ({RR} 16... Ne6 17. f4 Nd7 18. Qd2 Nec5 19. Bf2 Nf8 20. Nde2 Rd8 21.
Bxc5 Qc7 22. Bxd6 Qb6+ 23. c5 Qa7 24. e5 Ne6 25. Na4 Bd7 26. Qd3 Be8 27. g4 Bf8
28. f5 Bxd6 29. exd6 Nf8 {1-0 (29) Saito,V (2152)-Da Cunha,D (2004) Sao Paulo
2015}) 17. f4 Nb4 18. Qb1 Nd7 19. Bf2 Nc5 20. a3 Nba6 21. b4 axb4 22. axb4 Ne6
23. Nd5 Qd8 24. Nxe6 Bxe6 25. Nb6 Rb8 26. e5 1-0

[Event "Floripa Chess Open 2024"]
[Site "Florianopolis"]
[Date "2024.01.21"]
[Round "2.55"]
[White "Marques Junior, Marcos Antonio"]
[Black "Silva, Kaua Marques"]
[Result "0-1"]
[WhiteElo "1818"]
[BlackElo "2142"]
[PlyCount "32"]
[EventDate "2024.01.20"]
[EventRounds "10"]
[EventCountry "BRA"]

1. d4 Nf6 2. c4 e6 3. Nc3 c5 4. d5 d6 5. e4 g6 6. f4 exd5 7. cxd5 Bg7 8. Bb5+
Nfd7 9. Nf3 O-O 10. O-O a6 11. Bxd7 Nxd7 12. a4 ({RR} 12. f5 Ne5 13. Nxe5 Bxe5
14. Bf4 Qe7 15. Qd2 b5 16. Bxe5 Qxe5 17. Qh6 f6 18. fxg6 Ra7 19. Rf3 hxg6 20.
Raf1 Rg7 21. Rg3 Kf7 22. Qh4 Ke7 23. Rgf3 Rgf7 24. a4 b4 25. Nd1 Qd4+ 26. Ne3
Kd8 {Grigoriants,S (2562)-Fier,A (2600) chess.com INT 2023 0-1 (44)}) 12... Re8
13. Nd2 Bd4+ $146 ({RR} 13... Nf6 14. Qf3 Rb8 15. a5 b5 16. axb6 Rxb6 17. f5
Rb4 18. Ra4 Qe7 19. b3 gxf5 20. exf5 Qe3+ 21. Qxe3 Rxe3 22. Nd1 Rxa4 23. Nxe3
Rd4 24. Ndc4 Nxd5 25. Nxd5 Rxd5 26. f6 Bxf6 27. Rxf6 Be6 28. Bh6 {Andronescu,M
(2032)-Sandu,M (2267) Olanesti 2012 0-1 (47)}) ({RR} 13... Rb8 14. a5 Nf8 15.
Qf3 f5 16. exf5 gxf5 17. Ra3 Ng6 18. Nc4 Bd4+ 19. Kh1 Qf6 20. Rb3 Bxc3 21. bxc3
Re4 22. Nb6 Qe7 23. c4 Bd7 24. Bb2 Be8 25. Qh3 Re1 26. Rbf3 Rxf1+ 27. Rxf1 Qe2
28. Rg1 {Herzog,M (1725)-Josting,F (1845) Tiefenbach 2004 1-0 (37)}) 14. Kh1
Nf6 15. Qf3 Ng4 16. Nc4 Nxh2 0-1

[Event "Floripa Chess Open 2024"]
[Site "Florianopolis"]
[Date "2024.01.21"]
[Round "2.56"]
[White "Ribeiro, Matheus Mendes Domi"]
[Black "Kaneda, Eric Kazuichi"]
[Result "1/2-1/2"]
[WhiteElo "2130"]
[BlackElo "1803"]
[PlyCount "54"]
[EventDate "2024.01.20"]
[EventRounds "10"]
[EventCountry "BRA"]

1. c4 Nf6 2. Nc3 e6 3. e4 d5 4. e5 d4 5. exf6 dxc3 6. bxc3 Qxf6 7. d4 e5 8. Qe2
Nc6 9. f4 e4 10. Qxe4+ Be7 11. Bd3 Bd7 $146 ({RR} 11... Bg4 12. Nf3 Bxf3 13.
Qxf3 O-O-O 14. Be4 Rhe8 15. Bxc6 Qxc6 16. Qxc6 bxc6 17. Kf2 c5 18. Be3 f5 19.
dxc5 Bf6 20. Rad1 Bxc3 21. Rd5 Re4 22. Rxf5 Rd3 23. Rf8+ Kd7 24. c6+ Kxc6 25.
Bxa7 Rxc4 26. Rb1 {Povah,N (2350)-Eley,B (2340) Ayr (Scotland) 1978 0-1 (52)})
({RR} 11... g6 12. Nf3 Be6 13. O-O O-O-O 14. Rb1 Bg4 15. Ne5 Bf5 16. Qf3 Bxd3
17. Nxd3 Na5 18. Ne5 Bd6 19. Qg4+ Kb8 20. Nd7+ Rxd7 21. Qxd7 Nxc4 22. Qb5 Nb6
23. Be3 Qe6 24. Rbe1 a6 25. Qb3 Nc4 26. Bc1 {Boominathan Lalitaditaayyanar  
(1726)-Puspal Datta (1606) Bhubaneswar IND 2023 1-0 (65)}) 12. Nf3 O-O-O 13.
O-O Rhe8 14. Ne5 g6 15. Nxd7 Rxd7 16. f5 Nxd4 17. cxd4 Rxd4 18. Bb2 Rxe4 19.
Bxf6 Bxf6 20. Rad1 Bd4+ 21. Kh1 Rh4 22. g3 Rg4 23. fxg6 fxg6 24. Rf7 h5 25.
Bxg6 Rxg6 26. Rxd4 Rg5 27. Kg2 b6 1/2-1/2

[Event "Floripa Chess Open 2024"]
[Site "Florianopolis"]
[Date "2024.01.21"]
[Round "2.57"]
[White "Cezar, Ricardo De Almeida"]
[Black "Ferreira, Vitor Hugo Vieira"]
[Result "1-0"]
[WhiteElo "1809"]
[BlackElo "2128"]
[PlyCount "67"]
[EventDate "2024.01.20"]
[EventRounds "10"]
[EventCountry "BRA"]

1. d4 d5 2. c4 c6 3. cxd5 cxd5 4. Nc3 Nf6 5. f3 Qb6 6. e4 dxe4 7. fxe4 e5 8.
Bb5+ Bd7 9. dxe5 Bxb5 10. exf6 Bc5 11. Nxb5 Qxb5 12. fxg7 Qb4+ $146 ({RR} 12...
Rg8 13. Qe2 Qxe2+ 14. Nxe2 Rxg7 15. g3 Nc6 16. Bd2 Rg4 17. Nf4 Ne5 18. Bc3 Ng6
19. Rf1 O-O-O 20. Ke2 h5 21. Rac1 Kb8 22. Rcd1 Re8 23. Kf3 f5 24. Rfe1 fxe4+
25. Rxe4 Rxe4 26. Kxe4 Kc7 27. Rd3 {Briem,S (2095)-Halldorsson,J (2103)
Reykjavik ISL 2021 1-0 (38)}) 13. Bd2 Qxe4+ 14. Qe2 Qxe2+ 15. Nxe2 Rg8 16. Bc3
Be3 17. Ng3 Nd7 18. Nf5 Bf4 19. O-O Be5 20. Bxe5 Nxe5 21. Nd6+ Ke7 22. Nxf7
Nxf7 23. Rae1+ Ne5 24. Rxe5+ Kd6 25. Rg5 Ke6 26. h4 h6 27. Rg6+ Ke7 28. Rf8
Raxf8 29. gxf8=Q+ Rxf8 30. Rxh6 Rf7 31. Rg6 Kf8 32. h5 Rc7 33. h6 Rh7 34. Rg7
1-0

[Event "Floripa Chess Open 2024"]
[Site "Florianopolis"]
[Date "2024.01.21"]
[Round "2.58"]
[White "Samaniego, Diego Pinheiro"]
[Black "Do Nascimento, Christian Almeida"]
[Result "0-1"]
[WhiteElo "1806"]
[BlackElo "2123"]
[PlyCount "52"]
[EventDate "2024.01.20"]
[EventRounds "10"]
[EventCountry "BRA"]

1. c4 c6 2. Nf3 d5 3. b3 Nf6 4. g3 g6 5. Bg2 Bg7 6. d4 O-O 7. O-O Nbd7 8. Bb2
Ne4 9. Nfd2 Ndf6 10. Nc3 Nxc3 11. Bxc3 Bf5 12. Rc1 Qd7 13. Re1 Rfd8 14. e4 $146
({RR} 14. Ba5 b6 15. Bc3 Rac8 16. e3 h5 17. b4 Bh3 18. Bh1 Ng4 19. b5 e6 20.
bxc6 Rxc6 21. cxd5 exd5 22. Bg2 Bxg2 23. Kxg2 Rdc8 24. Bb2 Rxc1 25. Bxc1 Qc6
26. Qb3 Qc3 27. h3 Nf6 28. Kf1 Bf8 {Genta,A (2109)-Decuadro,S (1999)
Montevideo 2010 1-0 (54)}) 14... dxe4 15. Nxe4 Nxe4 16. Bxe4 Bxe4 17. Rxe4 e5
18. Bb4 f5 19. Re1 e4 20. Rc2 a5 21. Bc5 Bxd4 22. Bxd4 Qxd4 23. Qc1 Rd7 24. Qa3
Qb6 25. Qb2 Rd4 26. h4 c5 0-1

[Event "Floripa Chess Open 2024"]
[Site "Florianopolis"]
[Date "2024.01.21"]
[Round "2.59"]
[White "Uczai, Joao Pedro Filimber"]
[Black "Cavalcante, Rodrigo Moreira"]
[Result "1-0"]
[WhiteElo "2122"]
[BlackElo "1801"]
[PlyCount "47"]
[EventDate "2024.01.20"]
[EventRounds "10"]
[EventCountry "BRA"]

1. e4 e5 2. Nf3 Nc6 3. d4 exd4 4. Nxd4 Qh4 5. Nc3 Bb4 6. Be2 Qxe4 7. Ndb5 Kd8
8. O-O Bxc3 9. bxc3 Nf6 10. Re1 Qd5 ({RR} 10... Re8 11. Be3 d6 12. Rb1 Bd7 13.
c4 Ne5 14. c5 Bc6 15. Bf1 Qg6 16. Nd4 Bd5 17. Bf4 Nfd7 18. Bg3 dxc5 19. Nb5 Be4
20. Qd2 f5 21. f3 f4 22. Qxf4 Bxc2 23. Rbc1 a6 24. Na3 Bd3 25. Rcd1 {Vescovi,G
(2646)-Rodriguez Vila,A (2479) Sao Paulo 2005 1-0}) 11. Bf4 ({RR} 11. Bd3 a6
12. c4 Qh5 13. Be2 Qe5 14. Rb1 axb5 15. Bb2 Qd6 16. Qxd6 cxd6 17. cxb5 Ne5 18.
a3 Re8 19. c4 b6 20. f4 Ng6 21. Bf3 Rxe1+ 22. Rxe1 Ra4 23. Bd4 Kc7 24. Bxf6
gxf6 25. Bd5 Nxf4 {Josse,M (2235)-Papayan,O (2246) chess.com INT 2022 0-1 (55)}
) 11... d6 12. Qc1 Bd7 $146 ({RR} 12... a6 13. Rd1 Qf5 14. Nd4 Nxd4 15. Rxd4
Ke7 16. Qa3 Rd8 17. Rad1 Ke8 18. Bf3 Qe6 19. Kf1 Qe7 20. Re1 Be6 21. Bxb7 Rab8
22. Qxa6 Kf8 23. Rb4 Re8 24. Kg1 Nd7 25. Be3 Ne5 26. Bd4 Bc4 27. Rxc4 {Zadlo,M
(1833)-Kowalczyk,M (1558) Zamosc 2013 1-0 (34)}) 13. c4 Qc5 14. Rb1 a6 15. Nc3
Nd4 16. Bd3 Bc6 17. Nd5 Nxd5 18. cxd5 Bxd5 19. Be3 Qc3 20. Qd1 Ne6 21. Qh5 Bxa2
22. Rbd1 g6 23. Qf3 Nc5 24. Bg5+ 1-0

[Event "Floripa Chess Open 2024"]
[Site "Florianopolis"]
[Date "2024.01.21"]
[Round "2.60"]
[White "Godinho, Bruno Cesar Ferreir"]
[Black "Madeira, Wagner Martins"]
[Result "0-1"]
[WhiteElo "1802"]
[BlackElo "2122"]
[PlyCount "56"]
[EventDate "2024.01.20"]
[EventRounds "10"]
[EventCountry "BRA"]

1. d4 Nf6 2. Nc3 d6 3. e4 g6 4. g3 Bg7 5. Bg2 O-O 6. Nge2 e5 7. dxe5 dxe5 8.
Qxd8 Rxd8 9. Bg5 c6 10. O-O ({RR} 10. h3 h6 11. Be3 Bf8 12. O-O Na6 13. Rad1
Re8 14. f4 Nc5 15. Bc1 Na6 16. Be3 Nc5 {1/2-1/2 (16) Cuenca Jimenez,J (2464)
-Spraggett,K (2575) Vila Nova de Gaia 2010}) 10... Na6 ({RR} 10... h6 11. Rad1
Re8 12. Be3 Nbd7 13. h3 Bf8 14. Nc1 Nc5 15. Nd3 Nfd7 16. f4 a5 17. f5 g5 18. a4
b6 19. Rf2 Ba6 20. Nxc5 Nxc5 21. Rfd2 Kg7 22. Kf2 Be7 23. Bf1 Bxf1 24. Kxf1
Rab8 25. Ke2 {Dominguez Pons,E (2340)-Moskalenko,V (2434) Barcelona ESP 2023
0-1 (58)}) 11. h3 $146 ({RR} 11. Rad1 Rxd1 12. Rxd1 Be6 13. f3 Nd7 14. Nc1 Bf8
15. Be3 Nb4 16. Rd2 a5 17. Bf1 Na6 18. Na4 Nac5 19. Nxc5 Bxc5 20. Kf2 Bxe3+ 21.
Kxe3 Kf8 22. Bc4 Ke7 23. Bxe6 Kxe6 24. Nd3 a4 25. b3 axb3 {Faibisovich,V (2432)
-Malaniuk,V (2513) Krakow 2005 1/2-1/2 (31)}) ({RR} 11. Rad1 Re8 12. h3 h6 13.
Be3 Bf8 14. Rd2 h5 15. Rfd1 Bc5 16. Bxc5 Nxc5 17. Rd6 Kg7 18. Nc1 h4 19. g4 a5
20. Nb3 Nfd7 21. Bf1 a4 22. Nd2 Re6 23. Nf3 Rxd6 24. Rxd6 Kf8 25. Nxh4 Ke7 {
Grigoriev,F (2207)-Aleksandrov,S (2314) Krasnodar 2004 1/2-1/2 (38)}) 11... h6
12. Be3 b6 13. a3 Bb7 14. Rfd1 Nc7 15. Rxd8+ Rxd8 16. Rd1 Rxd1+ 17. Nxd1 Ne6
18. c4 Ba6 19. b3 Bf8 20. Ndc3 Bxa3 21. Bxh6 Bc5 22. Bd2 Nd4 23. Nxd4 Bxd4 24.
Ne2 Bb2 25. Bc3 Bxc3 26. Nxc3 Kf8 27. Bf1 Bc8 28. g4 g5 0-1

[Event "Floripa Chess Open 2024"]
[Site "Florianopolis"]
[Date "2024.01.21"]
[Round "2.61"]
[White "Zampronha, Wladimir Camilo"]
[Black "Correia, Pedro Bavaresco"]
[Result "1-0"]
[WhiteElo "2121"]
[BlackElo "1796"]
[PlyCount "51"]
[EventDate "2024.01.20"]
[EventRounds "10"]
[EventCountry "BRA"]

1. e4 c5 2. Nf3 Nc6 3. d4 cxd4 4. Nxd4 Nf6 5. Nc3 e5 6. Ndb5 d6 7. Bg5 a6 8.
Na3 b5 9. Nd5 Be7 10. Bxf6 Bxf6 11. c3 Rb8 12. Nc2 Bg5 13. g3 Be6 ({RR} 13...
O-O 14. h4 Bh6 15. a3 a5 16. Qd3 Ne7 17. Nce3 Bxe3 18. Nxe3 Be6 19. Rd1 Rb6 20.
Bh3 Bb3 21. Rd2 Qc7 22. O-O Rfb8 23. Rc1 Rc6 24. Bg4 h6 25. Bd1 Be6 26. Bg4 Bb3
27. Bd1 Be6 28. Bg4 {Nepomniachtchi,I (2774)-Giri,A (2763) Yekaterinburg RUS
2021 1/2-1/2}) ({RR} 13... Ne7 14. Nce3 h5 15. h4 Bxe3 16. Nxe3 Bb7 17. Bg2 f5
18. exf5 Bxg2 19. Nxg2 Nxf5 20. Qd3 O-O 21. Ne3 Nxe3 22. Qxe3 Rf6 23. O-O b4
24. c4 Qc7 25. b3 Rbf8 26. Rad1 Rf3 27. Qd2 R8f6 28. Qd5+ {Van Der Hoorn,T  
(1685)-Punsalan,V (1945) Christchurch NZL 2022 1/2-1/2 (38)}) 14. Bg2 O-O 15.
O-O Ne7 16. h4 $146 ({RR} 16. Ncb4 Bxd5 17. Nxd5 Nxd5 18. Qxd5 Qc7 19. Rad1
Rfd8 20. f4 Bf6 21. Qd2 b4 22. cxb4 Qb6+ 23. Rf2 Qxb4 24. b3 Kf8 25. Qxb4 Rxb4
26. Rfd2 Ke7 27. fxe5 Bxe5 28. Bf1 a5 29. Bc4 a4 30. a3 Rxb3 {Faisal,A (1882)
-Ali,M (1641) Al Ain 2015 1-0 (69)}) 16... Bxd5 17. hxg5 Ba8 18. Re1 Re8 19.
Re3 d5 20. Rd3 Nc8 21. Qh5 Rb6 22. exd5 Rd6 23. Ne3 e4 24. Rd4 Re5 25. Rxe4
Rxg5 26. Qxg5 1-0

[Event "Floripa Chess Open 2024"]
[Site "Florianopolis"]
[Date "2024.01.21"]
[Round "2.63"]
[White "Lima, Kleyton Alcantara"]
[Black "Silva, Gabryel Lunardi Car"]
[Result "1-0"]
[WhiteElo "2119"]
[BlackElo "1790"]
[PlyCount "33"]
[EventDate "2024.01.20"]
[EventRounds "10"]
[EventCountry "BRA"]

1. e4 {Marin,M} e5 2. Nf3 Nc6 3. Bb5 a6 4. Ba4 Nf6 5. O-O b5 6. Bb3 Bc5 7. c3
d6 8. d4 Bb6 9. a4 Rb8 10. axb5 axb5 11. Na3 ({RR} 11. Qd3 O-O 12. Bg5 ({RR} 
12. Qxb5 Qe8 13. Qd3 exd4 14. cxd4 Nxe4 ({RR} 14... Nxd4) 15. Re1 Bf5 16. Nc3
Nxd4 17. Nxe4 ({RR} 17. Nxd4 Nxf2 18. Qd2 Qxe1+ 19. Qxe1 Bxd4 20. Be3 Nd3 21.
Qd2 Bxe3+ 22. Qxe3 Rxb3) 17... Nxb3 18. Nf6+ gxf6 19. Qxf5 Qc8 20. Qxf6 Qg4 ({
RR} 20... Nxa1 21. Re4) 21. Ra4 Qxa4 22. Qg5+ Kh8 23. Qf6+ Kg8) 12... exd4 ({RR
} 12... h6 13. Bxf6 ({RR} 13. Bh4 g5 14. Bg3 Qe7 15. Nbd2 Bd7 16. Rfe1 Nh5)
13... Qxf6 14. Qxb5 Ne7 ({RR} 14... Na7 15. Qa4 g5 16. Nbd2 g4 17. dxe5 dxe5
18. Ne1 Nc6 19. Bd5 Ne7 20. Nc4 c6 21. Nxb6 Rxb6 22. Bc4 Rxb2 23. Nd3 Rd2 24.
Ra2 Rxa2 25. Qxa2 Ng6 26. f3) ({RR} 14... Na5 15. Bd5 Bg4 16. dxe5 dxe5 17.
Nxe5) 15. Nbd2 Ng6 16. Kh1 Nf4 17. g3 Ng6 18. Qd3 exd4 19. cxd4 c5 20. dxc5
Bxc5 21. Kg2 Bg4 22. Ra2) 13. cxd4 h6 14. Bh4 ({RR} 14. Bxf6 Qxf6 15. Qxb5 Nxd4
) 14... g5 ({RR} 14... Bg4 15. Nbd2 g5 ({RR} 15... Bh5 16. Qc3 Qe8 17. Bxf6
gxf6 18. Rfc1 Ne7 19. e5) 16. Bg3 Bh5 17. d5 Ne7 18. Nd4) 15. e5 ({RR} 15. Nxg5
hxg5 16. Bxg5 Nxd4) ({RR} 15. Bg3 g4 ({RR} 15... d5 16. exd5 Nxd5 17. Nc3) 16.
Bh4 ({RR} 16. e5 gxf3 17. Qg6+ Kh8 18. Qxh6+ Nh7 19. Bh4 Nxd4 20. Bxd8 Ne2+ 21.
Kh1 fxg2+ 22. Kxg2 Rg8+ 23. Kh1 Bb7+ 24. f3 Bxf3+)) 15... gxh4 16. Qg6+ Kh8 17.
Qxh6+ ({RR} 17. Qxf6+ Qxf6 18. exf6 Nxd4) 17... Nh7 18. Bc2 f5 19. exf6 Rf7 20.
Ng5 Qxf6 21. Nxf7+ ({RR} 21. Qxf6+ Rxf6 22. Bxh7 Nxd4) 21... Qxf7 22. Bxh7 Qxh7
23. Qf8+ Qg8 24. Qh6+ Qh7 25. Qf8+ Qg8 {Adams,M (2734)-Shirov,A (2699) Elista
2007 CBM 119 [Marin,M] 1/2-1/2}) 11... Ra8 $146 ({RR} 11... Ba6 12. Re1 O-O 13.
Bg5 h6 14. Bh4 b4 15. Nc2 Bc8 16. Ba4 Ne7 17. dxe5 dxe5 18. Nxb4 Qxd1 19. Bxd1
Bb7 20. Nxe5 g5 21. Bg3 Nxe4 22. Nd7 Ra8 23. Bf3 f5 24. Bxe4 fxe4 25. Nxf8 Rxf8
26. Re2 {Almasi,Z (2590)-Zvjaginsev,V (2585) Wijk aan Zee 1995 1-0}) ({RR} 
11... exd4 12. cxd4 Bg4 13. Nxb5 O-O 14. Be3 Re8 15. Nc3 Bxf3 16. gxf3 Nh5 17.
Ba4 Ne7 18. Bxe8 Qxe8 19. Qa4 Qd8 20. Ne2 Ng6 21. Qc6 h6 22. Ng3 Nhf4 23. Kh1
Qh4 24. Ra8 Rxa8 25. Qxa8+ Kh7 26. Rg1 {O'Gorman,T (2357)-Bolourchifard,F  
(2292) chess.com INT 2023 1-0 (56)}) ({RR} 11... b4 12. Nc4 bxc3 13. bxc3 O-O
14. Bc2 Bg4 15. dxe5 Bxf3 16. Qxf3 Nxe5 17. Nxe5 dxe5 18. Qg3 Bc5 19. Bh6 Nh5
20. Qxe5 Rb5 21. Kh1 Qh4 22. Bg5 Bd6 23. Qxg7+ Kxg7 24. Bxh4 Rb2 25. Rfc1 Bf4
26. Bd3 {Fraser,S (2010)-Kwami,A Glasgow 2003 0-1 (70)}) 12. dxe5 dxe5 13.
Qxd8+ Nxd8 14. Nxe5 Bb7 15. Bg5 Nxe4 16. Bxd8 Rxd8 17. Nxf7 1-0